CLASSICAL GENERAL EQUILIBRIUM THEORY (Record no. 8164)

MARC details
000 -LEADER
fixed length control field 00345nam a2200133Ia 4500
008 - FIXED-LENGTH DATA ELEMENTS--GENERAL INFORMATION
fixed length control field 240624s9999 xx 000 0 und d
041 ## - LANGUAGE CODE
Language code of text/sound track or separate title eng
082 ## - DEWEY DECIMAL CLASSIFICATION NUMBER
Classification number 339.5 MCK
100 ## - MAIN ENTRY--PERSONAL NAME
Personal name MCKENZIE LIONEL W
245 ## - TITLE STATEMENT
Title CLASSICAL GENERAL EQUILIBRIUM THEORY
260 ## - PUBLICATION, DISTRIBUTION, ETC.
Date of publication, distribution, etc. 2005
Place of publication, distribution, etc. Cambridge
Name of publisher, distributor, etc. MIT Press
300 ## - PHYSICAL DESCRIPTION
Extent ix, : 318 : p. : cm. ; 18
365 ## - TRADE PRICE
Currency code
Price amount 20
Holdings
Withdrawn status Lost status Damaged status Not for loan Home library Current library Shelving location Date acquired Source of acquisition Cost, normal purchase price Total Holds Full call number Barcode Date last seen Copy number Price effective from Koha item type
        IMTN IMTN Rack 14-B 01/23/2008 BU 22.00 24560 339.5 MCK 8164 06/24/2024 41.7 06/24/2024 Books
Designed & Maintained by: LRC IMT Nagpur Contact: lrc@imtnag.ac.in© 2024. All Rights Reserved.